Country Boggle (kiwirage edition) - Statistics

General Stats
  • This quiz has been taken 851 times
  • The average score is 14 of 28
Answer Stats
Answer % Correct
Somalia
92%
Iran
85%
Ireland
84%
Poland
80%
Iceland
73%
Mali
67%
India
62%
Cuba
60%
Thailand
55%
Oman
54%
Italy
51%
China
50%
Chad
49%
Niger
47%
Haiti
46%
Ghana
40%
Palau
40%
Romania
40%
Laos
39%
Guyana
38%
Lithuania
38%
Chile
37%
Benin
36%
Malta
32%
Israel
31%
Nepal
29%
Guinea
27%
Bahrain
22%
No matching quizzes found
Score Distribution
Percent of People with Each Score
Percentile by Number Answered
Your Score History
You have not taken this quiz